LEADER 01094nam0-2200361---450- 001 990000295450203316 010 $a88-464-2269-4 035 $a0029545 035 $aUSA010029545 035 $a(ALEPH)000029545USA01 035 $a0029545 100 $a20001124d2000----km-y0itay0103----ba 101 $aita 102 $aIT 105 $a||||||||001yy 200 1 $a<> arte dello scrivere efficace$ecome esprimere idee, sentimenti ed emozioni predisponendo positivamente gli altri nei nostri confronti$fFederico Nenzioni 210 $aMilano$cF. Angeli$d2000 215 $a83 p.$d23 cm 225 2 $aTrend 410 0$12001$aTrend 606 0 $aScrittura$xPersuasione 676 $a153.852 700 1$aNENZIONI,$bFederico$0147175 801 0$aIT$bsalbc$gISBD 912 $a990000295450203316 951 $aV E 1027$b155179 L.M.$cV E$d00007737 959 $aBK 969 $aUMA 979 $aTAMI$b40$c20001124$lUSA01$h1306 979 $c20020403$lUSA01$h1637 979 $aPATRY$b90$c20040406$lUSA01$h1621 996 $aArte dello scrivere efficace$9881158 997 $aUNISA LEADER 01185nam0-2200373li-450 001 990000153050203316 005 20180312154747.0 010 $a0-13-818204-3 035 $a0015305 035 $aUSA010015305 035 $a(ALEPH)000015305USA01 035 $a0015305 100 $a20001109d1991----km-y0itay0103----ba 101 0 $aeng 102 $aUS 200 1 $aFundamentals of software engineering$fCarlo Ghezzi, Mehdi Jazayeri, DinoMandriolo 210 $aEnglewood Cliffs (N. J.)$cPrentice-Hall International$dcopyr. 1991 215 $aXV, 573 p.$cill.$d24 cm 610 1 $asoftware$aprogettazione 676 $a0051$9Programmazione. Tecnica di sviluppo dei programmi 700 1$aGhezzi,$bCarlo$08004 702 1$aJazayeri,$bMehdi 702 1$aMandrioli,$bDino 801 $aSistema bibliotecario di Ateneo dell' Università di Salerno$gRICA 912 $a990000153050203316 951 $a005.1 GHE$b0001625 959 $aBK 969 $aTEC 979 $c19920519 979 $c20001110$lUSA01$h1712 979 $c20020403$lUSA01$h1623 979 $aPATRY$b90$c20040406$lUSA01$h1611 996 $aFundamentals of software engineering$91501423 997 $aUNISA